[Event "IV Copa Marcel Duchamp 2020"]
[Site "Montevideo"]
[Date "2020.02.10"]
[Round "4.30"]
[White "Pichuaga, Juan Pablo"]
[Black "Vieira, Alexandre Letizio"]
[Result "1-0"]
[WhiteElo "2030"]
[BlackElo "1722"]
[Annotator "NA RC"]
[PlyCount "87"]
[EventDate "2020.02.08"]
[EventType "swiss"]
[EventCountry "URU"]
[SourceTitle "playchess.com"]
[Source "ChessBase"]
[SourceQuality "1"]
[TimeControl "5400+30"]

{[%evp 14,87,18,12,20,25,49,0,-5,24,31,31,47,31,38,45,54,49,54,40,139,41,211,217,1262,329,313,311,289,304,347,357,361,350,815,320,312,318,350,32767,32767,32767,32767,32767,32767,412,439,488,460,431,497,581,365,818,739,32767,32767,32767,32767,484,298,413,339,508,768,533,32767,32767,32767,32767,12837,580,502,489,1185,1153]} 1. e4 {[%emt 0:00:00]} c5 {[%emt 0:00:00]} 2. Nc3 {[%emt 0:00:00]} Nc6 {[%emt 0:00:00]} 3. g3 {[%emt 0:00:00]} g6 {[%emt 0:00:02]} 4. Bg2 {[%emt 0:00:00]} Bg7 {[%emt 0:00:04]} 5. d3 {[%emt 0:00:00]} e6 {[%emt 0:00:38]} 6. Be3 {[%emt 0:00:04]} b6 {[%emt 0:00:25]} 7. Qd2 {[%emt 0:00:14]} Bb7 {[%emt 0:00:19]} 8. Nge2 {[%emt 0:00:25]} a6 {[%emt 0:02:37] B24: Closed Sicilian: 3 g3 sidelines.} 9. O-O {[%emt 0:02:37]} Nge7 {[%emt 0:00:37]} 10. d4 {[%emt 0:02:39]} cxd4 {[%emt 0:01:29]} 11. Nxd4 {[%emt 0:01:04] [#]} O-O $146 {[%emt 0:02:17]} ({Predecessor:} 11... Ne5 12. Qe2 Rc8 13. Nd1 Nc4 14. c3 O-O 15. Bg5 f6 16. Bc1 e5 17. Nc2 b5 {½-½ (40) Aleksic,Z (1960)-Varjas,S (2060) Senta 2011}) 12. f4 {[%emt 0:03:42]} Nxd4 {[%emt 0:02:16]} 13. Bxd4 {[%emt 0:00:18]} Qc7 {[%emt 0:03:50]} 14. Bxg7 {[%emt 0:02:37]} Kxg7 {[%emt 0:00:07]} 15. Rad1 {[%emt 0:00:28]} Bc6 {[%emt 0:02:03]} 16. Rf2 {[%emt 0:05:43]} f5 {[%emt 0:02:07] [#]} (16... Rad8 $14) 17. Nd5 {[%emt 0:13:24]} (17. exf5 $1 $16 Nxf5 18. Bxc6 dxc6 19. Ne4) 17... Qd8 $2 {[%emt 0:13:16]} (17... exd5 $14 18. exd5 {[#]} Nxd5 $1 {[%mdl 512]} 19. Bxd5 Rae8) 18. Qd4+ {[%emt 0:01:26]} Kh6 $2 {[%emt 0:03:22]} (18... Kg8) 19. Nxb6 $2 {[%emt 0:02:21]} (19. g4 fxg4 20. Ne3) 19... Rb8 {[%emt 0:00:12]} 20. Nxd7 {[%emt 0:00:53]} Bxd7 {[%emt 0:02:24]} 21. Qxd7 {[%emt 0:01:08]} Qxd7 {[%emt 0:00:08]} 22. Rxd7 {[%emt 0:00:06]} Ng8 {[%emt 0:00:17]} 23. b3 {[%emt 0:00:57]} fxe4 $2 {[%emt 0:00:50]} (23... Nf6) 24. Bxe4 {[%emt 0:01:14]} (24. g4 $142 Nf6 25. g5+ {[%mdl 64] Double Attack} Kh5 26. gxf6) 24... Nf6 {[%emt 0:00:06]} 25. Rd4 {[%emt 0:00:13]} Rfd8 {[%emt 0:00:24]} 26. Rfd2 {[%emt 0:01:14]} Rxd4 {[%emt 0:00:06]} 27. Rxd4 {[%emt 0:00:06]} Nxe4 {[%emt 0:00:36]} 28. Rxe4 {[%emt 0:00:08]} Rb6 {[%emt 0:00:04]} 29. Kf2 {[%emt 0:00:35]} g5 {[%emt 0:00:06]} 30. Ke3 {[%emt 0:00:25]} Kg6 {[%emt 0:00:26]} 31. Kd4 {[%emt 0:00:55]} gxf4 {[%emt 0:00:24]} 32. Rxf4 {[%emt 0:01:07]} Rd6+ {[%emt 0:00:04]} 33. Ke5 {[%emt 0:01:06]} Rd2 {[%emt 0:00:06]} 34. Kxe6 {[%emt 0:00:31]} Rxc2 {[%emt 0:00:16]} 35. Rg4+ {[%emt 0:00:26]} Kh5 {[%emt 0:00:27]} 36. Ra4 {[%emt 0:01:59]} Rxh2 {[%emt 0:00:13]} 37. Kf6 {[%emt 0:05:51]} (37. Kf5 $142 h6 {[#]} 38. Rh4+ $1 {[%mdl 512]} Rxh4 39. gxh4 Kxh4 40. b4 Kg3 41. a4 (41. Kg6 Kf4 $11) 41... Kh3 42. b5) 37... Rh3 {[%emt 0:01:29]} 38. g4+ {[%emt 0:00:30]} Kh6 {[%emt 0:01:07]} (38... Kh4 $142 39. g5+ (39. Rxa6 Kxg4 40. Ra4+ Kf3 $16) 39... Kh5) 39. Rxa6 {[%emt 0:13:29]} (39. Ra5 $142 Rf3+ 40. Rf5) 39... Rf3+ {[%emt 0:01:09]} 40. Ke5+ {[%emt 0:00:07]} Kg5 {[%emt 0:00:21]} 41. Ra7 {[%emt 0:00:25]} Rf2 {[%emt 0:01:15]} 42. Rxh7 {[%emt 0:07:53]} Rxa2 {[%emt 0:00:21]} 43. Kd4 {[%emt 0:00:55]} Kxg4 {[%emt 0:00:12]} 44. Rf7 $18 {[%emt 0:00:10]} (44. b4 $142 Kf5 45. Re7) 1-0

[Event "IV Copa Marcel Duchamp 2020"]
[Site "Montevideo"]
[Date "2020.02.10"]
[Round "4.31"]
[White "Escofet, Jaime"]
[Black "Manteiga, Franco"]
[Result "1/2-1/2"]
[WhiteElo "2025"]
[BlackElo "1703"]
[Annotator "NA RC"]
[PlyCount "53"]
[EventDate "2020.02.08"]
[EventType "swiss"]
[EventCountry "URU"]
[SourceTitle "playchess.com"]
[Source "ChessBase"]
[SourceQuality "1"]
[TimeControl "5400+30"]

{[%evp 8,54,13,10,2,16,12,10,12,2,8,-19,-2,-22,-22,-33,-30,-25,-33,-31,-39,-41,-43,-38,-41,-46,-41,-70,-58,-69,-65,-72,-81,-70,-83,-79,-66,-333,-345,-299,-357,-358,0,0,0,-94,-60,-98,-62]} 1. b3 {[%emt 0:00:00]} d5 {[%emt 0:00:00]} 2. Bb2 {[%emt 0:00:00]} Nf6 {[%emt 0:00:10]} 3. Nf3 {[%emt 0:00:00]} Bf5 {[%emt 0:01:57]} 4. g3 {[%emt 0:00:03]} e6 {[%emt 0:00:48]} 5. Bg2 {[%emt 0:00:17]} Be7 {[%emt 0:02:08]} 6. d3 {[%emt 0:00:08]} O-O {[%emt 0:01:00]} 7. Nbd2 {[%emt 0:00:14]} c5 {[%emt 0:04:35]} 8. O-O {[%emt 0:00:27]} Nc6 {[%emt 0:00:31]} 9. h3 {[%emt 0:01:10] A07: Réti Opening: New York and Capablanca Systems.} h6 {[%emt 0:03:46]} 10. Re1 {[%emt 0:03:18]} Qc7 {[%emt 0:05:17]} 11. e4 {[%emt 0:10:09]} dxe4 {[%emt 0:04:48]} 12. dxe4 {[%emt 0:00:06]} Bh7 {[%emt 0:01:10]} 13. a3 {[%emt 0:04:14]} Rad8 {[%emt 0:09:31]} 14. Qe2 {[%emt 0:02:32] [#]} Rd7 $146 {[%emt 0:07:42]} ({Predecessor:} 14... Nd4 15. Nxd4 cxd4 16. e5 Ne8 17. Be4 Bxe4 18. Qxe4 d3 19. c4 b5 20. Rac1 b4 21. axb4 Bxb4 {1-0 (41) Kovacs,A (2049)-Katona,J (1997) Hungary 2004}) 15. e5 {[%emt 0:10:42]} Nd5 {[%emt 0:01:07]} 16. Ne4 {[%emt 0:00:34]} Rfd8 {[%emt 0:10:26]} 17. Kh2 {[%emt 0:24:42]} Qb6 {[%emt 0:12:40]} 18. Nfd2 {[%emt 0:06:45]} Nd4 {[%emt 0:07:39]} 19. Nc4 {[%emt 0:03:24]} Qc7 {[%emt 0:07:57]} 20. Bxd4 {[%emt 0:02:44]} cxd4 {[%emt 0:00:09]} 21. a4 {[%emt 0:04:51]} Nb4 {[%emt 0:07:25]} 22. Qg4 $2 {[%emt 0:03:10]} (22. Rf1 $15) 22... Nxc2 {[%emt 0:03:41] Double Attack} 23. Nf6+ {[%emt 0:00:05]} Bxf6 {[%emt 0:00:31]} 24. exf6 {[%emt 0:00:08] [#]} g6 $2 {[%emt 0:01:25]} (24... Bg6 $1 $19 25. h4 Nxa1) 25. Qh4 {[%emt 0:01:23]} Qc5 $1 {[%emt 0:02:04]} 26. Re5 {[%emt 0:00:28]} (26. Qxh6 $11 {remains equal.} Qf8 27. Qd2) 26... Qf8 {[%emt 0:01:06]} 27. Rd1 $17 1/2-1/2

[Event "IV Copa Marcel Duchamp 2020"]
[Site "Montevideo"]
[Date "2020.02.10"]
[Round "4.32"]
[White "Maestro, Esteban"]
[Black "Dotta, Gian Franco"]
[Result "0-1"]
[WhiteElo "1571"]
[BlackElo "2000"]
[Annotator "NA RC"]
[PlyCount "86"]
[EventDate "2020.02.08"]
[EventType "swiss"]
[EventCountry "URU"]
[SourceTitle "playchess.com"]
[Source "ChessBase"]
[SourceQuality "1"]
[TimeControl "5400+30"]

{[%evp 9,85,40,53,49,46,43,56,18,57,46,48,47,57,33,58,24,38,22,22,33,28,14,18,-31,-16,-26,-31,-32,-36,-33,-27,-38,-37,-102,-87,-204,-164,-183,-150,-174,-185,-201,-179,-175,-134,-187,-189,-189,-66,-131,-97,-80,-56,-180,-118,-72,0,-212,-424,-414,-256,-256,-8,-8,-14,0,0,0,-26,32767,32767,32767,32767,32767,32767,32767,-29985,-29985]} 1. e4 {[%emt 0:00:00]} c5 {[%emt 0:04:07]} 2. Nf3 {[%emt 0:00:00]} Nc6 {[%emt 0:00:06]} 3. d4 {[%emt 0:00:00]} cxd4 {[%emt 0:00:05]} 4. Nxd4 {[%emt 0:00:00]} Qb6 {[%emt 0:00:04]} 5. Nb3 {[%emt 0:00:29]} Nf6 {[%emt 0:00:09]} 6. Nc3 {[%emt 0:00:34]} e6 {[%emt 0:00:18]} 7. Be3 {[%emt 0:00:21]} Qc7 {[%emt 0:00:25]} 8. Bd3 {[%emt 0:01:23]} Be7 {[%emt 0:00:38]} 9. f4 {[%emt 0:01:09]} d6 {[%emt 0:00:24]} 10. Qf3 {[%emt 0:00:56]} a6 {[%emt 0:03:10]} 11. O-O {[%emt 0:00:45]} O-O {[%emt 0:00:35]} 12. Rae1 {[%emt 0:07:58]} Nb4 {[%emt 0:20:11]} 13. Nd4 {[%emt 0:07:06] [#] B33: Sicilian: Pelikan and Sveshnikov Variations.} b5 $146 {[%emt 0:03:28]} ({Predecessor:} 13... Re8 14. a3 Nxd3 15. cxd3 b5 16. Rc1 Qb7 17. f5 e5 18. Nb3 a5 19. g4 b4 20. axb4 axb4 {½-½ (79) Purtov,A (2427)-Shcherbakov,R (2539) Omsk 2001}) 14. a3 {[%emt 0:01:49]} Nxd3 15. cxd3 {[%emt 0:00:58]} Bb7 {[%emt 0:05:22]} 16. f5 {[%emt 0:10:17]} ({White should play} 16. Rc1 $11) 16... e5 {[%emt 0:06:51]} 17. Nde2 {[%emt 0:06:45]} Rfd8 {[%emt 0:04:03]} 18. Rc1 {[%emt 0:01:46]} Qd7 {[%emt 0:06:13]} 19. Nd5 {[%emt 0:11:17]} Nxd5 {[%emt 0:01:17]} 20. exd5 {[%emt 0:00:05]} a5 {[%emt 0:02:07]} 21. b3 {[%emt 0:04:33]} (21. Nc3 $15) 21... Rdc8 {[%emt 0:01:42]} 22. g4 {[%emt 0:05:17]} (22. b4 $17) 22... Rxc1 {[%emt 0:01:20]} 23. Rxc1 {[%emt 0:00:11]} Rc8 {[%emt 0:00:12]} 24. g5 {[%emt 0:05:16]} Rxc1+ {[%emt 0:01:12]} 25. Nxc1 {[%emt 0:01:38]} Bd8 {[%emt 0:04:27]} 26. h4 {[%emt 0:08:23]} Ba8 {[%emt 0:02:26]} (26... Qc8 $19 27. f6 Qc3) 27. h5 {[%emt 0:08:07]} (27. Kf2 $17 {was called for.}) 27... Qb7 {[%emt 0:01:08]} 28. Kf2 {[%emt 0:06:05]} Bb6 {[%emt 0:00:54]} (28... Qxd5 $19 29. Qxd5 Bxd5) 29. h6 {[%emt 0:04:01]} (29. f6 $15) 29... Bxe3+ {[%emt 0:00:34]} 30. Qxe3 {[%emt 0:00:32]} Qxd5 {[%emt 0:02:00]} 31. Ke2 {[%emt 0:03:11]} (31. Ne2 $17 {keeps fighting.}) 31... Qc5 {[%emt 0:00:56]} ({Black should play} 31... Qg2+ $19 32. Ke1 gxh6 33. gxh6 Bd5) 32. f6 {[%emt 0:03:05]} g6 {[%emt 0:01:10]} (32... gxf6 $17 33. gxf6 Kf8) 33. Qxc5 $2 {[%emt 0:01:08]} (33. d4 $1 $11 {and White is okay.} Qc2+ 34. Ke1) 33... dxc5 {[%emt 0:00:06]} 34. Ke3 {[%emt 0:00:12]} b4 {[%emt 0:00:19]} 35. axb4 {[%emt 0:00:22]} axb4 $2 {[%emt 0:02:02]} (35... cxb4 $19 36. d4 e4) 36. Ne2 {[%emt 0:01:19]} Bd5 {[%emt 0:00:10]} 37. Ng3 $1 {[%emt 0:00:37]} Bxb3 {[%emt 0:01:48]} (37... Kf8 $5 38. Ne4 $8 Bxb3 39. Nxc5 Ba2 $11) 38. Ne4 {[%emt 0:00:35]} c4 {[%emt 0:01:10]} 39. dxc4 {[%emt 0:00:09]} Bxc4 {[%emt 0:00:10]} 40. Nd2 {[%emt 0:00:57]} Bd5 {[%emt 0:00:09]} 41. Kd3 {[%emt 0:00:20]} Kf8 {[%emt 0:00:12]} 42. Nc4 {[%emt 0:00:27]} e4+ {[%emt 0:00:47]} 43. Kd4 {[%emt 0:00:24]} Bxc4 {[%emt 0:00:05]} 0-1

[Event "IV Copa Marcel Duchamp 2020"]
[Site "Montevideo"]
[Date "2020.02.13"]
[Round "7"]
[White "Escofet, Jaime"]
[Black "Barandiaran, Gabriel"]
[Result "1/2-1/2"]
[WhiteElo "2025"]
[BlackElo "1834"]
[Annotator "TA"]
[PlyCount "40"]
[EventDate "2020.02.08"]
[EventType "swiss"]
[EventCountry "URU"]
[SourceTitle "playchess.com"]
[Source "ChessBase"]
[SourceQuality "1"]

{[%evp 23,31,47,100,56,68,48,51,46,73,76]} 1. e4 e5 2. Nf3 Nc6 3. Bb5 a6 4. Ba4 Nf6 5. O-O b5 6. Bb3 d6 7. Re1 Be7 8. c3 O-O 9. h3 Na5 10. Bc2 c5 11. d4 Nc6 12. d5 Nb8 ({Black should try} 12... Na5 $14) 13. Nbd2 {C96: Closed Ruy Lopez: Chigorin Defence: 11 d4, replies other than 11...Qc7.} Nbd7 14. Nf1 Re8 15. a4 Bb7 16. b3 {[#]} {Predecessor:} Bf8 $146 17. Ng3 g6 18. Nh2 Bg7 19. Ng4 Nxg4 20. hxg4 Qh4 {½-½ (20) Pribeanu,M (2128)-Bursuc,M (1952) Seoul 2015} 1/2-1/2

[Event "IV Copa Marcel Duchamp 2020"]
[Site "Montevideo"]
[Date "2020.02.13"]
[Round "7"]
[White "Gomez Troccoli, Martin"]
[Black "Urrestarazu, Diego"]
[Result "1-0"]
[WhiteElo "2004"]
[BlackElo "1837"]
[Annotator "TA"]
[PlyCount "49"]
[EventDate "2020.02.08"]
[EventType "swiss"]
[EventCountry "URU"]
[SourceTitle "playchess.com"]
[Source "ChessBase"]
[SourceQuality "1"]

{[%evp 17,49,39,82,56,67,0,6,3,8,10,24,24,20,0,70,70,63,15,170,0,0,0,0,0,387,384,381,367,29996,29997,29997,29998,29998,29999]} 1. e4 c5 2. Nf3 d6 3. d4 cxd4 4. Nxd4 Nf6 5. Nc3 g6 6. f3 Bg7 7. Be3 O-O 8. Qd2 Nc6 9. g4 Bd7 10. h4 {B76: Sicilian Dragon: Yugoslav Attack, 9 g4 and 9 0-0-0.} h5 11. Nd5 (11. g5 $14 Ne8 12. O-O-O) 11... Nxd5 ({Resist} 11... hxg4 12. Nxf6+ Bxf6 13. Nxc6 $17) 12. exd5 {[#] The position is equal.} Nxd4 $146 ({Predecessor:} 12... Ne5 13. gxh5 gxh5 14. Bh6 Ng6 15. Bd3 f5 16. Qg5 Qe8 17. Rg1 Rf6 18. Bxg7 Kxg7 19. Nxf5+ Bxf5 20. Bxf5 {1-0 (36) Arboleda Orozco,J (1904)-Acevedo Leon,J (1327) Medellin 2015}) 13. Bxd4 Bxd4 14. Qxd4 Qa5+ 15. c3 Qb6 ({Black should try} 15... e5 $11 16. dxe6 Bxe6) 16. Qd2 hxg4 17. h5 {Strongly threatening 0-0-0.} Kg7 $2 ({But not} 17... gxf3 $6 18. O-O-O $16) (17... g3 $1 $11) 18. hxg6 $2 (18. Bd3 $18) 18... Rh8 $11 19. Rh7+ $1 Rxh7 20. gxh7 Kxh7 $2 {[%mdl 8192] [#]} (20... Kh8 $11 {and Black is okay.}) 21. O-O-O $1 $18 Rg8 {[#]} 22. Bb5 $1 {[%mdl 512] Threatening mate with Rh1+.} Qxb5 $2 ({Not} 22... Bxb5 23. Rh1+ Kg6 24. Qh6+ Kf5 25. Rh5+ Rg5 26. Qxg5#) (22... Rg7 $18) 23. Rh1+ {White mates.} Kg6 24. Qh6+ Kf5 25. Rh5+ {Accuracy: White = 65%, Black = 52%.} 1-0

[Event "IV Copa Marcel Duchamp 2020"]
[Site "Montevideo"]
[Date "2020.02.13"]
[Round "7"]
[White "Gaye, Gustavo"]
[Black "De Cuadro, Dionisio"]
[Result "1-0"]
[WhiteElo "2001"]
[BlackElo "1650"]
[Annotator "TA"]
[PlyCount "37"]
[EventDate "2020.02.08"]
[EventType "swiss"]
[EventCountry "URU"]
[SourceTitle "playchess.com"]
[Source "ChessBase"]
[SourceQuality "1"]

{[%evp 10,37,16,6,10,0,25,24,26,7,368,369,405,407,419,426,430,420,421,436,466,437,472,477,511,479,525,532,600,585]} 1. g3 Nf6 2. Bg2 e5 3. c4 d5 4. cxd5 Nxd5 5. Nc3 Nxc3 6. bxc3 Nc6 {A22: English Opening: 1...e5 2 Nc3 Nf6.} 7. d3 Be7 8. Rb1 O-O {White has an edge.} 9. Qc2 {[#]} Rb8 $146 {[%mdl 8192]} (9... Bc5 $11) ({Predecessor:} 9... h6 10. Nf3 Rb8 11. O-O Bf5 12. e4 Bg4 13. h3 Be6 14. Be3 f5 15. exf5 Bxf5 {1-0 (50) Gierth,K (2100)-Vieth,M (1657) GER email 2010}) 10. Bxc6 $1 $18 {[%mdl 64] [#] Pin} Bc5 11. Bg2 Qf6 12. Nf3 Re8 13. O-O h6 14. Nd2 {White is clearly winning.} Bb6 15. Nc4 Bc5 16. Be3 Bxe3 17. Nxe3 c6 18. Qa4 a6 19. Rb6 {Accuracy: White = 100%, Black = 37%.} 1-0

[Event "IV Copa Marcel Duchamp 2020"]
[Site "Montevideo"]
[Date "2020.02.13"]
[Round "7"]
[White "Pinero, Ismael"]
[Black "Manteiga, Franco"]
[Result "1/2-1/2"]
[WhiteElo "1914"]
[BlackElo "1703"]
[Annotator "TA"]
[PlyCount "70"]
[EventDate "2020.02.08"]
[EventType "swiss"]
[EventCountry "URU"]
[SourceTitle "playchess.com"]
[Source "ChessBase"]
[SourceQuality "1"]

{[%evp 21,70,20,51,13,14,18,8,12,118,-22,-2,-20,0,-5,0,0,40,35,42,37,82,70,60,52,56,54,49,14,66,11,37,0,13,-41,-52,-49,-37,-38,-24,-81,-88,-126,-39,-61,-61,-61,-61,-60,-56,-56,-57]} 1. e4 c5 2. Nf3 d6 3. d4 cxd4 4. Nxd4 Nf6 5. Nc3 a6 6. f3 e5 7. Nb3 Be6 8. Be3 Nbd7 9. Qd2 b5 10. g4 Nb6 11. g5 Nfd7 12. h4 {B90: Sicilian Najdorf: Unusual White 6th moves, 6 Be3 Ng4 and 6 Be3 e5.} Nc4 13. Bxc4 $1 bxc4 14. Nc1 {[#] The position is equal.} Nb6 $146 (14... Qb8 $11) ({Predecessor:} 14... Rb8 15. b3 Be7 16. N1e2 Qc8 17. h5 O-O 18. Rd1 cxb3 19. cxb3 Qc7 20. Kf2 Nb6 {½-½ (50) Cvak,R (2248)-Vodicka,M (2245) ICCF email 2013}) 15. Nd5 (15. N1e2 $16) 15... Nxd5 16. exd5 Bf5 17. Ne2 Be7 18. Qc3 Qc7 19. Ng3 $36 {[%mdl 2048] White is more active.} Bd7 20. Ne4 Qb7 21. O-O-O Rb8 22. h5 Qb4 23. Qxb4 Rxb4 24. Bd2 (24. h6 $5 {[%cal Rh6g7]} O-O 25. Bd2 $14) 24... Rb7 ({Black should try} 24... Rb5 $11) 25. Rhg1 (25. f4 $14) 25... Bf5 $11 26. Nc3 O-O 27. f4 (27. Rde1 $11) 27... Rfb8 $15 28. b3 $1 cxb3 29. axb3 Rc8 30. fxe5 (30. Kb2 $11 {keeps the balance.}) 30... dxe5 $17 31. Rdf1 {[#]} Bd7 (31... g6 $1 $17 32. Rg3 Bc5) 32. Ne4 {Black is slightly better.} Rxb3 $1 {Threatens to win with ...Ba3+.} 33. Nf6+ $1 Bxf6 $1 34. gxf6 g6 35. hxg6 hxg6 {Accuracy: White = 43%, Black = 57%.} 1/2-1/2

[Event "IV Copa Marcel Duchamp 2020"]
[Site "Montevideo"]
[Date "2020.02.13"]
[Round "7"]
[White "Munoz Rozas, Diego"]
[Black "Dotta, Gian Franco"]
[Result "0-1"]
[WhiteElo "1685"]
[BlackElo "2000"]
[Annotator "TA"]
[PlyCount "84"]
[EventDate "2020.02.08"]
[EventType "swiss"]
[EventCountry "URU"]
[SourceTitle "playchess.com"]
[Source "ChessBase"]
[SourceQuality "1"]

{[%evp 11,84,-7,17,-7,-11,-16,-14,-20,-12,2,50,-13,9,-51,-49,-42,45,22,14,-19,60,68,48,16,29,-47,-46,-48,3,-77,-72,-70,11,-89,-75,-75,-75,-81,-78,-87,-87,-92,-88,-77,-57,-72,-48,-70,-36,-40,-26,-117,-109,-142,-109,-178,-178,-178,-178,-178,-147,-204,-204,-270,-200,-200,-200,-240,-241,-380,-369,-29989,-29990,-29996,-29997]} 1. d4 Nf6 2. Nf3 g6 3. Bf4 Bg7 4. e3 O-O 5. Nbd2 d6 6. h3 Nfd7 {[#]} 7. Bb5 $146 {A48: 1 d4 Nf6 2 Nf3 g6: Torre, London and Colle Systems.} ({Predecessor:} 7. Bc4 Nc6 8. c3 e5 9. Bh2 Qe7 10. O-O Kh8 11. Ne1 f5 12. Nc2 Nf6 13. f4 exd4 14. exd4 d5 {1-0 (40) Wang,Y (2421)-Jumabayev,R (2625) Chengdu 2017}) 7... e5 8. Bg5 f6 9. Bh4 {The position is equal.} g5 10. Bg3 f5 11. c3 (11. dxe5 $14 dxe5 12. Qe2) 11... e4 12. Qb3+ (12. Bc4+ $11 Kh8 13. Ng1) 12... Kh8 $15 13. Ng1 $1 Qf6 ({Black should try} 13... Nb6 $15) 14. Bxd7 Nxd7 15. Ne2 Bh6 (15... Qh6 $11) 16. h4 $1 $14 g4 17. Nf4 {Threatening Ne6.} Nb6 18. O-O-O (18. c4 $11) 18... Bd7 $15 {Hoping for ...Ba4.} 19. Qc2 Qf7 (19... Bxf4 $1 $15 20. Bxf4 Nd5) 20. Kb1 (20. c4 $1 $11) 20... Bb5 {Strongly threatening ...Bxf4.} 21. Qb3 Qe8 (21... Qxb3 $15 22. Nxb3 Bxf4 23. Bxf4 Nd5) 22. Qe6 (22. Rc1 $1 $11) 22... Bd3+ 23. Ka1 Bxf4 24. Qxe8 Raxe8 25. Bxf4 Nd5 26. g3 Nxf4 27. gxf4 Rf6 28. Nf1 b5 29. Ng3 Rb8 30. h5 h6 31. Rxd3 (31. d5 $11 {keeps the balance.}) 31... exd3 $11 {[%mdl 4096] Endgame KRR-KRN} 32. Rd1 c5 33. Rxd3 {[#]} (33. dxc5 $17 b4 34. cxb4) 33... c4 $1 $19 {[%cal Rc4d3]} 34. Rd2 {[#]} d5 $1 35. Kb1 b4 36. Ne2 (36. cxb4 $17 Rxb4 37. Rc2) 36... a5 {[%cal Ba7a5,Ba5b4,Bb4b3][%mdl 32]} 37. Kc2 Rfb6 38. cxb4 axb4 39. Kb1 Ra6 40. Ng3 (40. b3 $142) 40... Rba8 41. Nxf5 $2 (41. b3 $19 Rf8 42. Rb2) 41... Rxa2 42. Nxh6 b3 0-1

[Event "IV Copa Marcel Duchamp 2020"]
[Site "Montevideo"]
[Date "2020.02.13"]
[Round "7"]
[White "Pelaez, Diego"]
[Black "Rodriguez Farias, Eduardo"]
[Result "0-1"]
[WhiteElo "1607"]
[BlackElo "1963"]
[Annotator "TA"]
[PlyCount "70"]
[EventDate "2020.02.08"]
[EventType "swiss"]
[EventCountry "URU"]
[SourceTitle "playchess.com"]
[Source "ChessBase"]
[SourceQuality "1"]

{[%evp 18,70,62,4,31,-6,31,29,40,24,33,0,0,-7,17,-37,-37,-34,-38,-36,0,-30,-20,-65,-55,-70,-56,-52,-32,-88,-91,-92,-92,-92,-99,-75,-81,-112,-113,-138,-116,-202,-200,-309,-315,-304,-306,-380,-382,-406,-392,-879,-864,-831,-825]} 1. d4 Nf6 2. c4 c5 3. d5 b5 4. Qc2 bxc4 5. e4 d6 6. Bxc4 g6 7. Nf3 Bg7 8. O-O O-O 9. Nc3 Ba6 10. Nd2 (10. Nb5 $14) 10... Qa5 {[#] A57: Benko/Volga Gambit.} 11. Re1 $146 ({Predecessor:} 11. b3 Nxd5 12. Nxd5 Bxa1 13. Nxe7+ Kg7 14. Bb2+ Bxb2 15. Qxb2+ f6 16. Rd1 Bb7 17. Nf3 Nc6 18. Nxc6 Bxc6 19. Rxd6 {0-1 (35) Hart,A (1952)-Balla,T (2348) Kovacica 2019}) 11... Bxc4 12. Nxc4 Qb4 {White has an edge.} 13. Qe2 Nfd7 14. Bd2 Nb6 15. Nxb6 Qxb6 16. Na4 (16. Rac1 $11) 16... Qa6 $15 17. Qxa6 Nxa6 18. Bc3 Rfb8 19. Bxg7 Kxg7 20. Rab1 Rb4 21. Nc3 Rab8 22. b3 Nc7 23. e5 (23. Rbc1 $15) 23... Nb5 $17 24. Nxb5 R8xb5 25. exd6 exd6 {[%mdl 4096] Endgame KRR-KRR} 26. Re7 a5 27. Rd1 a4 28. bxa4 Rxa4 29. Re2 {[#]} (29. g3 $17 {is a better defense.}) 29... Rd4 $1 $19 {[%cal Rd4d1]} 30. Ree1 {[#]} (30. Rc1 $142) 30... Rxd1 $1 31. Rxd1 Kf6 32. g4 Ke5 33. Kg2 c4 34. f4+ $2 (34. a4 Ra5 35. g5) 34... Ke4 35. Kg3 c3 {Accuracy: White = 30%, Black = 86%.} 0-1